000
00299nam a22001337a 4500
008
171009b xxu||||| |||| 00| 0 eng d
020
_a
9781557664457
041
_a
eng
080
_a
159.9
100
_a
49
101
_a
PSI
245
_a
AUTISM SPECTRUM DISORDERS
_c
WRTHERBY,A.M
942
_2
udc
_c
BK
999
_c
32525
_d
32525